Score 0/20 Timer 05:00
0 Plays Today
TWO WORDS ONE WORD (begins with A) % Correct
Lights. Camera.Action
90.6%
Simon. Theodore.Alvin
85.7%
Ancient. Calculator.Abacus
80%
Oak. Nut.Acorn
79.6%
Zodiac. Ram.Aries
78.2%
Judas. Peter.Apostle
75%
Violet. Birthstone.Amethyst
71%
Thor. Hulk.Avengers
67.4%
Prime. River.Amazon
66.7%
Bee. Jemima.Aunt
65%
TWO WORDS ONE WORD (begins with A) % Correct
Maryland. Capital.Annapolis
64.9%
And. Fitch.Abercrombie
63.2%
Adams. Breslin.Abigail
58%
Adobe. Trapeze.Acrobat
56.9%
Quickly. Acronym. ASAP
52.3%
England. Eggplant.Aubergine
51.2%
Honda. Luxury.Acura
46.6%
Cartoon. Corporation.Acme
44.2%
Woody. Wrench.Allen
41.1%
Curiously. Strong.Altoids
25.2%

You're not logged in!

Compare scores with friends on all Sporcle quizzes.
OR
Log In

Sporcle TV

Today on Sporcle TV


Watch our educational content, quiz creation guides, and fun videos on Sporcle TV.

Show Comments

Extras

Top Quizzes Today


Score Distribution

Paid Content

Your Account Isn't Verified!

In order to create a playlist on Sporcle, you need to verify the email address you used during registration. Go to your Sporcle Settings to finish the process.

Report this User

Report this user for behavior that violates our Community Guidelines.

Details: